Теорія нації (Запис № 430741)

МАРК-запис
000 -Лідер
fixed length control field 00543nam a22002057a 4500
003 - Ідентифікатор контрольного номера
control field UA-OsUOA
005 - Дата та час останнього входження (трансакції)
control field 20201224215655.0
008 - Елементи даних фіксованої довжини – загальна інформація
fixed length control field 201224b un ||||| |||| 00| 0 ukr d
040 ## - Джерело каталогізації
Агенція оригінальної каталогізації UA-OsUOA
Мова каталогізації ukr
Агенція, яка здійснювала перезапис UA-OsUOA
Агенція, яка здійснювала модифікацію UA-OsUOA
041 ## - Код мови
Код мови тексту/ звукової доріжки чи окремого заголовка (П) ukr
080 ## - Індекс Універсальної десяткової класифікації
Індекс Універсальної десяткової класифікації (УДК) (НП) 32
090 ## - Локальний шифр розміщення
Класифікаційний індекс УДК 32
Авторський знак (НП) С77
100 ## - Основне введення – ім’я особи
Ім’я особи (НП) Старосольський В.
245 ## - Відомості про назву
Назва (НП) Теорія нації
260 ## - Публікація, розповсюдження і т.п. (Вихідні дані)
Місце публікації, розповсюдження і т.п. (П) Н.-Й.
Дата публікації, розповсюдження і т.п. (П) 1966
300 ## - Фізичний опис
Обсяг 144 c.
650 ## - Додаткове предметне введення – тематичний термін
Джерело заголовка чи терміна UDC
942 ## - Додаткові елементи входу (Коха)
Source of classification or shelving scheme Universal Decimal Classification
Тип елемента Koha Книги
Фонди
Стан вилучень Стан втрат Джерело класифікації або схеми стелажів Стан уражень Не для кредиту Постійне місце розташування Поточне розміщення Дата придбання Джерело придбання Вартість, звичайна ціна покупки Інвентарний номер Усього замовленно Повний номер виклику Штрих-код Дата останнього перегляду Ціна ефективна від Тип елемента Koha
    Universal Decimal Classification     Наукова бібліотека ІДУД Наукова бібліотека ІДУД 24/06/2014 311/2014 1.00 2136492   32 С77 2136492 14/09/2019 24/06/2014 Книги
    Universal Decimal Classification     Наукова бібліотека ІДУД Наукова бібліотека ІДУД 22/09/2015 325/2015 1.00 2138643   323 С77 2138643 15/09/2019 22/09/2015 Книги